000 00498nam a2200169Ia 4500
008 090201s9999 xx 000 0 und d
010 _aKPL-19799
040 _bमराठी
041 _aमराठी
082 _a4941
_b19799
100 _aउद्धव ज. शेळके
245 _aआडवाट
_cउद्धव ज. शेळके
260 _c2004
_bसरीता प्रकाशन
300 _a235
_bमोठा
600 _aआडवाट
942 _cBOOK
999 _c205939
_d205939